00441nam a2200145Ia 4500008004100000082001000041100003900051245003700090260000900127300000700136600003900143630003700182700003900219730003700258090711s9999 xx 000 0 und d b75520 aभट विठ्ठलराय aआम्ही हे असे c1993 a82 aभट विठ्ठलराय aआम्ही हे असे aभट विठ्ठलराय aआम्ही हे असे